Main colours of the European countries flags - Statistics

General Stats
  • This quiz has been taken 85 times
  • The average score is 7 of 8
Answer Stats
Answer % Correct
red
100%
blue
99%
yellow
99%
white
97%
green
96%
black
94%
orange
87%
purple
51%
No matching quizzes found
Score Distribution
Percent of People with Each Score
Percentile by Number Answered
Your Score History
You have not taken this quiz